<?xml version="1.0" encoding="UTF-8"?><?xml-stylesheet type="text/xsl" href="static/style.xsl"?><OAI-PMH xmlns="http://www.openarchives.org/OAI/2.0/" xmlns:xsi="http://www.w3.org/2001/XMLSchema-instance" xsi:schemaLocation="http://www.openarchives.org/OAI/2.0/ http://www.openarchives.org/OAI/2.0/OAI-PMH.xsd"><responseDate>2026-04-18T07:36:34Z</responseDate><request verb="GetRecord" identifier="oai:www.recercat.cat:2117/423987" metadataPrefix="marc">https://recercat.cat/oai/request</request><GetRecord><record><header><identifier>oai:recercat.cat:2117/423987</identifier><datestamp>2026-02-07T01:12:00Z</datestamp><setSpec>com_2072_1033</setSpec><setSpec>col_2072_452949</setSpec></header><metadata><record xmlns="http://www.loc.gov/MARC21/slim" xmlns:dcterms="http://purl.org/dc/terms/" xmlns:xsi="http://www.w3.org/2001/XMLSchema-instance" xmlns:doc="http://www.lyncode.com/xoai" xsi:schemaLocation="http://www.loc.gov/MARC21/slim http://www.loc.gov/standards/marcxml/schema/MARC21slim.xsd">
   <leader>00925njm 22002777a 4500</leader>
   <datafield ind2=" " ind1=" " tag="042">
      <subfield code="a">dc</subfield>
   </datafield>
   <datafield ind2=" " ind1=" " tag="720">
      <subfield code="a">Tricio Amelivia, María</subfield>
      <subfield code="e">author</subfield>
   </datafield>
   <datafield ind2=" " ind1=" " tag="720">
      <subfield code="a">Puig Poch, Mireia</subfield>
      <subfield code="e">author</subfield>
   </datafield>
   <datafield ind2=" " ind1=" " tag="260">
      <subfield code="c">2025-02</subfield>
   </datafield>
   <datafield ind2=" " ind1=" " tag="520">
      <subfield code="a">El running es una actividad con múltiples beneficios, pero presenta un alto riesgo de lesiones. Esta monografía analiza cómo el diseño de las zapatillas de running y las características del terreno influyen en la prevención de lesiones. A través de una revisión de literatura científica reciente, se exploran las propiedades del calzado y la interacción entre las superficies y la biomecánica del corredor. Los resultados muestran que el diseño del calzado, como la amortiguación y la estructura, ayuda a redistribuir las fuerzas durante la carrera, reduciendo el riesgo de lesiones por sobrecarga. Las superficies duras, como el asfalto, generan mayores riesgos biomecánicos que las blandas, como la hierba, aunque estas últimas también presentan inconvenientes. Se concluye que una estrategia preventiva debe incluir una correcta selección del calzado y adaptación al terreno, junto con metodologías de entrenamiento diversificadas. La investigación destaca la necesidad de estudios adicionales sobre la relación entre el calzado y el terreno para optimizar el diseño de zapatillas y mejorar la seguridad en el running</subfield>
   </datafield>
   <datafield tag="653" ind2=" " ind1=" ">
      <subfield code="a">Àrees temàtiques de la UPC::Enginyeria biomèdica::Biomecànica</subfield>
   </datafield>
   <datafield tag="653" ind2=" " ind1=" ">
      <subfield code="a">Athletic shoes -- Design</subfield>
   </datafield>
   <datafield tag="653" ind2=" " ind1=" ">
      <subfield code="a">Biomechanics</subfield>
   </datafield>
   <datafield tag="653" ind2=" " ind1=" ">
      <subfield code="a">Sabates esportives -- Disseny</subfield>
   </datafield>
   <datafield tag="653" ind2=" " ind1=" ">
      <subfield code="a">Biomecànica</subfield>
   </datafield>
   <datafield ind2="0" ind1="0" tag="245">
      <subfield code="a">Influencia del diseño del calzado y de las superficies de carrera en la prevención de lesiones en el running</subfield>
   </datafield>
</record></metadata></record></GetRecord></OAI-PMH>